=LDR 00000nam 2200000 4500 =001 INLIS000000000810590 =005 20260616085149 =035 ##$$a 0010-0626000027 =007 ta =008 260616################g##########0#ara## =082 ##$$a 297.51 =084 ##$$a 297.51 IMA a =100 #$$a Imam Ahmad bin Hanbal =245 1#$$a Az-Zuhd =250 ##$$a Cetakan 2 =260 ##$$a Kairo :$b Dar ar-Rayyan li at-Turats,$c 1992 =300 ##$$a 479 hlm. : $b ilustrasi ; $c 24 cm =520 ##$$a Hadist Akhlak Islam